00816cas a22002537ar450000500170000000800410001701000100005801100100006802200140007803500100009224500700010226000530017230000360022531000140026136200180027565000450029378500320033886600340037086600220040486600340042686600340046086600340049486600340052820220329142014.0990128d19551998nl br pernn 0 b1eng d a76944 a779160 a0028-2596 a8769100aNematologicac/by International Journal of Nematological Research0 aLeiden, The Netherlands :bK. Brill,c1955-1998. av. :bilus. ; gráfs. ; tablas aBimestral1 av.44 n.4,199814aNemátodosxPublicaciones periódicas. tNematology a partir de 1999 av.10 n.1-v.12 n.4 (1964-1966) av.14 n.1-4 (1968) av.15 n.2-v.29 n.1 (1969-1983) av.29 n.3-v.31 n.1 (1983-1985) av.31 n.3-v.33 n.4 (1985-1987) av.34 n.3-v.44 n.6 (1988-1998)